| 000 -LEADER |
| fixed length control field |
00760nam a22002057a 4500 |
| 003 - CONTROL NUMBER IDENTIFIER |
| control field |
OSt |
| 005 - DATE AND TIME OF LATEST TRANSACTION |
| control field |
20260122194819.0 |
| 008 - FIXED-LENGTH DATA ELEMENTS--GENERAL INFORMATION |
| fixed length control field |
230317b ||||| |||| 00| 0 eng d |
| 040 ## - CATALOGING SOURCE |
| Transcribing agency |
Ost |
| 041 ## - LANGUAGE CODE |
| Language code of text/sound track or separate title |
Shan |
| 082 ## - DEWEY DECIMAL CLASSIFICATION NUMBER |
| Classification number |
371.39 |
| 245 ## - TITLE STATEMENT |
| Title |
ပပ်ႉယိပ်းတိုဝ်းၸုမ်းတႆးပၢၼ်မႂ်ႇ။ |
| Statement of responsibility, etc. |
ၸုမ်းတႆးပၢၼ်မႂ်ႇ |
| 260 ## - PUBLICATION, DISTRIBUTION, ETC. |
| Date of publication, distribution, etc. |
2013 |
| 300 ## - PHYSICAL DESCRIPTION |
| Extent |
65 ၼႃႈ |
| Dimensions |
20 ၸိၼ်ႇထီႇ |
| 500 ## - GENERAL NOTE |
| General note |
ပပ်ႉၸဝ်ႈၼႃႇၼႁင်းၶေႃ တွၵ်ႉတိူဝ်ႇၸၢႆးဢွင်ႇထုၼ်း |
|
| General note |
S-SAT: Dr. Prof Sai Aung Tun |
| 650 ## - SUBJECT ADDED ENTRY--TOPICAL TERM |
| Topical term or geographic name entry element |
ပပ်ႉၵႅမ်မိုဝ်း |
| 942 ## - ADDED ENTRY ELEMENTS (KOHA) |
| Koha item type |
Books (Long term) |
| 650 ## - SUBJECT ADDED ENTRY--TOPICAL TERM |
| 9 (RLIN) |
22138 |
|
| Source of classification or shelving scheme |
|